Một số con vật quen thuộc trong đời sống văn hóa dân gian của người Nùng Dín
Tìm hiểu sâu rộng về tri thức dân gian trong chăn nuôi gia súc của người Nùng Dín, đặc biệt là biểu tượng của các con vật quen thuộc là con trâu, con ngựa, con lợn trong đời sống văn hóa của họ
Gardado en:
| Autor Principal: | |
|---|---|
| Formato: | Libro |
| Idioma: | Undetermined |
| Publicado: |
Hà Nội
Mỹ thuật
2016
|
| Những chủ đề: | |
| Các nhãn: |
Engadir etiqueta
Sen Etiquetas, Sexa o primeiro en etiquetar este rexistro!
|
| Thư viện lưu trữ: | Trung tâm Học liệu Trường Đại học Cần Thơ |
|---|
| LEADER | 00950nam a2200205Ia 4500 | ||
|---|---|---|---|
| 001 | CTU_216922 | ||
| 008 | 210402s9999 xx 000 0 und d | ||
| 082 | |a 398.09597 | ||
| 082 | |b Ng100 | ||
| 100 | |a Vàng, Thị Nga | ||
| 245 | 0 | |a Một số con vật quen thuộc trong đời sống văn hóa dân gian của người Nùng Dín | |
| 245 | 0 | |c Vàng Thị Nga | |
| 260 | |a Hà Nội | ||
| 260 | |b Mỹ thuật | ||
| 260 | |c 2016 | ||
| 520 | |a Tìm hiểu sâu rộng về tri thức dân gian trong chăn nuôi gia súc của người Nùng Dín, đặc biệt là biểu tượng của các con vật quen thuộc là con trâu, con ngựa, con lợn trong đời sống văn hóa của họ | ||
| 650 | |a Folklore,Văn hóa dân gian | ||
| 650 | |z Vietnam,Việt Nam | ||
| 904 | |i Kim Sang (Nguyên) | ||
| 980 | |a Trung tâm Học liệu Trường Đại học Cần Thơ | ||